1407 1283 1915 1832 1234 1748 1690 1768 1662 1153 1244 1396 1267 1062 1045 1083 1260 1661 1278 1120 1667 1940 1840 1977 1693 1803 1928 1324 1495 1715 1376 1993 1165 1812 1146 1956 1801 1169 1602 1142 1275 1232 1144 1397 1943 1180 1910 1956 1825 1518 1700 1784 1369 1141 1098 1266 1228 1577 1055 1012 1085 1317 1365 1070 1040 1161 1063 1240 1898 1403 1664 1369 1168 1265 1920 1222 1471 1000 1812 1026 1660 1591 1131 1155 1212 1025 1228 1769 1341 1621 1313 1266 1381 1621 1338 1044 1835 1722 1467 BCNSPRNW ULIB Ver.6.0+V

เปลี่ยนเป็นภาษาไทย

Change to English
 แสดงรายละเอียดบรรณานุกรม
  กลับหน้าหลัก

Brief Record : Get Marc (ISO 2709) : E-mail record : QR code < ปิดหน้าต่าง
LEADER : 00000nam 2200000uu 4500
001    13399111598
003     ULIB
008    110627s||||||||th 000 0 tha d
020    9789742361566
090    นว.^bฉ519ว 2551
100 0  เฉียวอัน
245 00 วิวาห์พาฝัน/^cเฉียวอัน
250    พิมพ์ครั้งที่ 1
260    กรุงเทพฯ :^bแจ่มใส,^c2551
300    196 หน้า
945    ^p149^l0^i024491
995    ทศพร
999 ^a ใช้งานได้ทุกระบบ
รายการนี้ยังไม่มีแท็ก
คุณยังไม่ได้ล็อกอิน คุณสามารถมีกิจกรรมร่วมกับเว็บไซต์ได้ แต่ต้องล็อกอินก่อน ::
  ล็อกอิน

รายการสื่อสารสนเทศ

ลำดับที่ ประเภท เลขเรียก/บาร์โค้ด สถานที่ สถานะ
- ไม่พบข้อมูล -

รายการใกล้เคียง
    ผู้แต่ง [เฉียวอัน]

BibComment


ยังไม่เคยถูกคอมเมนท์

คอมเมนท์ทรัพยากรรายการนี้
  คอมเมนท์: วิวาห์พาฝัน เฉียว..


 Copyright 2026. Bcnsprnw @Library